| 000 | 00644nam a2200217 a 4500 | ||
|---|---|---|---|
| 003 | PILC | ||
| 005 | 20160317084629.0 | ||
| 008 | 120929s19uu xx 00 eng d | ||
| 020 | _a9788183569446 | ||
| 050 |
_aG 155 _b.Sa192 2011 |
||
| 100 | _aSampson, Charlie. | ||
| 245 |
_aRural tourism / _cCharlie Sampson. |
||
| 250 | _a1st edition. | ||
| 260 |
_aNew Delhi, India : _bDiscovery Publishing House, _c2011. |
||
| 300 |
_a256 pages ; _c23 cm. |
||
| 500 | _aIncludes bibliographical references and index. | ||
| 650 |
_aTourism _xEconomic aspect. |
||
| 650 |
_aRural development _xManagement. |
||
| 942 |
_cBK _2lcc _kFOR |
||
| 999 |
_c39462 _d39462 |
||